000 00386nam a22001697a 4500
005 20160614100046.0
008 160614b xxu||||| |||| 00| 0 eng d
020 _a978-8190-845-205-1
041 _aeng
082 _b7323
100 _aBusiness World
_91835
245 _aThe SME white Book
260 _bBusiness World
300 _a113
650 _aManagement
_9241
942 _cBK
999 _c2579
_d2578